| 000 | 01340nam0a2200325 4500 | ||
|---|---|---|---|
| 001 | RU\NLR\bibl\38274 | ||
| 005 | 20260607053912.0 | ||
| 010 |
_a5-89659-005-9 _95000 |
||
| 021 |
_aRU _b99-16008 _9775 |
||
| 035 | _a(NLR Aleph) 000037300 | ||
| 090 |
_a192350 _c192350 |
||
| 100 | _a19990713d1999 |||y0rusy50 ca | ||
| 101 | 0 | _arus | |
| 102 | _aRU | ||
| 105 | _aa ||||||||| | ||
| 200 | 1 |
_aСмерть не поставила точку _e[Расследования судеб. медика] _fА. Маслов |
|
| 210 |
_aМ. _cСампо _d1999 |
||
| 215 |
_a301 c., [8] л. ил., факс., портр. _cпортр. _d21 |
||
| 225 | 1 | _aЗагадки российской истории | |
| 606 | 0 |
_aРусская литература _jДокументы и материалы _91032583 _3RU\NLR\auth\6678541 |
|
| 606 | 0 |
_aГосударственные и политические деятели _yРоссия _91801549 _3RU\NLR\auth\66811707 |
|
| 686 | _aШ5(2=Р),1 | ||
| 686 | _aТ3(2)0-8 | ||
| 700 | 1 |
_4070 _7ca _8rus _aМаслов _bА. В. _cд-р мед. наук _gАлександр Васильевич _919151 _3RU\NLR\auth\7736160 |
|
| 801 | 0 |
_aRU _bNLR _c19990713 _gPSBO |
|
| 801 | 1 |
_aRU _bNLR _c19990713 |
|
| 852 |
_aNLR _j99-3/7208 |
||
| 942 | _cBOOK | ||
| 980 | _aNB | ||